| 000 | 02460cam a22004097i 4500 | ||
|---|---|---|---|
| 999 |
_c12699 _d12699 |
||
| 003 | OSt | ||
| 005 | 20240705201049.0 | ||
| 008 | 230601t20212021cauab b 000 0 eng d | ||
| 020 |
_a9781943532360 _q(hardcover) |
||
| 035 | _a(OCoLC)on1090888401 | ||
| 041 | 0 | _aeng | |
| 042 | _alccopycat | ||
| 082 | 0 | 4 |
_a714 _223 |
| 100 | 1 |
_aWenk, William E., _eauthor. |
|
| 245 | 1 | 0 |
_aWorking water : _breinventing the storm drain / _cWenk Associates, Planners and Landscape Architects ; William E. Wenk, FASLA. |
| 250 | _aFirst edition. | ||
| 300 |
_a184 pages : _bcolor illustrations, color maps ; _c29 cm |
||
| 504 | _aIncludes bibliographical references. | ||
| 520 | _a"Working Water demonstrates better approaches of managing urban water resources in ways that support more efficient water use, clean urban runoff, support natural systems, and enhance the vitality and livability of our cities. Exploring the potentials of urban water resources is an important part of Wenk Associates' practice, and the focus of this book. Working Water has evolved as a reflection on over thirty-five years of the firm's professional work and is organized in three parts. The first part is a teaching tool for students and the interested public. The second part is a monograph describing selected projects of the firm and their value as civic and natural resources in addition to their essential function of stormwater control. The third part is a resource manual describing lessons learned after decades of observing project successes and failures and ways to overcome legal, financial, and institutional barriers to implementing green infrastructure at a system scale"--Publisher. | ||
| 610 | 2 | 0 | _aWenk Associates. |
| 650 | 0 | _aLandscape architecture in water conservation. | |
| 650 | 0 | _aUrban landscape architecture. | |
| 650 | 0 |
_aUrban runoff _xManagement. |
|
| 650 | 0 |
_aStorm sewers _xDesign and construction. |
|
| 650 | 6 | _aArchitecture du paysage dans la conservation de l'eau. | |
| 650 | 6 | _aPaysage urbain. | |
| 650 | 6 |
_aÉcoulement urbain _xGestion. |
|
| 650 | 7 |
_aurban landscapes. _2aat |
|
| 650 | 7 |
_aARCHITECTURE. _2bisacsh |
|
| 650 | 7 |
_aARCHITECTURE / General. _2bisacsh |
|
| 650 | 7 |
_aStorm sewers _xDesign and construction. _2fast |
|
| 650 | 7 |
_aLandscape architecture in water conservation. _2fast |
|
| 650 | 7 |
_aUrban landscape architecture. _2fast |
|
| 650 | 7 |
_aUrban runoff _xManagement. _2fast |
|
| 710 | 2 |
_aWenk Associates, _eauthor. |
|
| 942 | _2ddc | ||